| 000 | 01245nam0a22002531 4500 | ||
|---|---|---|---|
| 001 | rc\2357264 | ||
| 005 | 20260408000340.0 | ||
| 035 | _a(NLR Aleph) 006593811 | ||
| 090 |
_a7174731 _c7174731 |
||
| 100 | _a20110829d1977 |||y0rusy50 ca | ||
| 101 | 0 | _arus | |
| 102 | _aRU | ||
| 105 | _aa z ||||| | ||
| 200 | 1 |
_aТезисы докладов _fГос. союз. н.-и. тракт. ин-т. НАТИ. Челяб. фил. НАТИ. Уральск. дом науч.-техн. пропаганды о-ва "Знание". Всесоюз. науч.-техн. семинар "Пути повышения чистоты рабочей жидкости гидросистем". г. Челябинск, 1-3 нояб. 1977 г. |
|
| 210 |
_a[Челябинск] _cБ. и. _d1977 |
||
| 215 |
_a59 с. _cсхем. _d20 |
||
| 710 | 1 | 2 |
_a"Пути повышения чистоты рабочей жидкости гидросистем", всесоюзный научно-технический семинар _eЧелябинск _f1977 _9824248 _3RU\NLR\AUTH\8810164105 |
| 801 | 0 |
_aRU _bNLR _gpsbo |
|
| 801 | 1 |
_aRU _bELAR _2rusmarc |
|
| 852 |
_aNLR _j78-4/5908 |
||
| 899 |
_aRuMoRGB _jБ 77-56/2054 |
||
| 899 |
_aRuMoRGB _jБ 77-56/2055 |
||
| 942 | _cBOOK | ||
| 980 | _aNB | ||